Dubai Puzha: (Record no. 210379)
[ view plain ]
| 000 -LEADER | |
|---|---|
| fixed length control field | 00618nam a22001937a 4500 |
| 005 - DATE AND TIME OF LATEST TRANSACTION | |
| control field | 20250319172744.0 |
| 010 ## - LCCN (DPL NO) | |
| LC control number | ENG-144146 |
| 020 ## - INTERNATIONAL STANDARD BOOK NUMBER | |
| International Standard Book Number | 9789388830713 |
| Terms of availability | 290.00 |
| 035 ## - SYSTEM CONTROL NUMBER | |
| System control number | EN-127678 |
| 037 ## - SOURCE OF ACQUISITION | |
| Source of stock number/acquisition | DBAD |
| 082 ## - DEWEY DECIMAL CLASSIFICATION NUMBER | |
| Classification number | 808.884 |
| 100 ## - MAIN ENTRY--PERSONAL NAME | |
| Personal name | Krishnadas |
| 245 ## - TITLE STATEMENT | |
| Title | Dubai Puzha: |
| Remainder of title | When Seagulls Fly Over Dubai Creek/ |
| Statement of responsibility, etc | Krishnadas |
| 250 ## - EDITION STATEMENT | |
| Edition statement | 1 |
| 260 ## - PUBLICATION, DISTRIBUTION, ETC. (IMPRINT) | |
| Place of publication, distribution, etc | Kerala |
| Name of publisher, distributor, etc | SandDunes |
| Date of publication, distribution, etc | 2019 |
| 270 ## - ADDRESS | |
| Address | GB Building, Civil Lane road, ayyanthole thrissur |
| City | New Delhi |
| Postal code | 680003 |
| Electronic mail address | info@greenbooksindia.com |
| Telephone number | 91-487-231066 |
| -- | 2381039 |
| 300 ## - PHYSICAL DESCRIPTION | |
| Extent | 187p. |
| Dimensions | 22cm(pb) |
| 942 ## - ADDED ENTRY ELEMENTS (KOHA) | |
| Source of classification or shelving scheme | Dewey Decimal Classification |
| Item type | English Books |
| Classification part | 808.884 |
| Call number suffix | KRI |
| Withdrawn status | Lost status | Not for loan | Collection code | Home library | Current library | Date acquired | Source of acquisition | Cost, normal purchase price | Full call number | Barcode | Copy number | Cost, replacement price | Koha item type |
|---|---|---|---|---|---|---|---|---|---|---|---|---|---|
| Non-fiction | Sarojini Nagar | Sarojini Nagar | 19/03/2025 | Delivery of Books Act Division | 290.00 | 808.884 KRI | EN-127678 | 1 | 290.00 | English Books |
